000 00880nam a22002177a 4500
005 20250228121505.0
010 _aENG-143046 B-746159-163 E.N.A./7.11.22
020 _a9789390473281
_c595.00
035 _aB-746159-163
035 _aEN-126578
037 _bAcademic Aspirations
037 _bDBAD
082 _a025.21
100 _aShawl, Rukhsana
_978823
245 _aCollection Development:
_bPolicies and Procedures/
_cRukhsana Shawl
260 _aNew Delhi
_bAcademic Aspirations
_c2021
270 _a4740/23, Ansari Road, Daryaganj,
_bNew Delhi
_e110002
_k91-11-23267924
300 _a424p.
_c24cm(pbk)
942 _2ddc
_cEN
_mSHA
_h025.21
999 _c194048
_d194048